000 01045nam a2200349 c 4500
001 16612
003 ES-MaCES
005 20141221122433.0
008 040624s2004 sp d 000 | spa d
017 _aB 393-2004
_bDL
020 _a8472902382
035 _aCES20040008570m
040 _aES-MaCES
_bspa
_cES-MaCES
100 1 _aRibas, Natalia
_921995
245 1 4 _aUna invitación a la Sociología de las migraciones
_cNatalia Ribas Mateos
260 _aBarcelona
_bBellaterra
_c[2004]
300 _a235 p.
_c22 cm
490 1 _aSerie General universitaria
_v32
500 _aÍndices
504 _aBibliografía: p. 213-223
541 _cCompra
650 4 _amigración
_928635
650 4 _asociología
_927257
650 4 _ainvestigación sociológica
_927260
650 4 _ateoría social
_927032
653 1 0 _aCiencias Sociales-Políticas
740 0 2 _aNord-sud
830 0 _aSerie General universitaria
_v32
_934002
902 _aLIB Libro
942 _2CES
_cBK
_h7.0.
999 _c16612
_d16612